000 00784nam0a22002531 4500
001 rc\787972
005 20250622132752.0
035 _a(NLR Aleph) 006313408
090 _a7375813
_c7375813
100 _a20040301d1984 |||y0rusy50 ca
101 0 _arus
102 _aRU
105 _ay |||||||||
200 1 _aДебюты
_e[Очерки
_fСост. Ю.В. Данилин]
210 _aМ.
_cПравда
_d1984
215 _a64 с.
_d20
225 1 _aБиблиотека "Комсомольской правды"
_v№ 9
702 1 _4220
_7ca
_8rus
_aДанилин
_bЮ. В.
_f1946-
_gЮрий Валерьевич
_9261438
_3RU\NLR\AUTH\770261494
801 0 _aRU
_bNLR
_gpsbo
801 1 _aRU
_bELAR
_2rusmarc
852 _aNLR
_j85-4/629
942 _cBOOK
980 _aNB